000 00574nam a2200217Ia 4500
003 GCL
008 140319s9999 xx 000 0 eng d
020 _a185715150X
040 _aGCL /
_cGCL
082 0 4 _a823
_bO A
100 1 _aORWELL, GEORGE
245 1 0 _aANIMAL FARM /
_cORWELL, GEORGE
700 1 _aSYMONS, JULIAN
260 _aانجلترا :
_bEVERYMAN'S LIBRARY ،
_c1993
300 _a21 CM ؛
_cXL, 113 P
490 _aTHE MILLENNIUM LIBRARY
_v150
650 0 4 _aENGLISH LITERATURE
650 0 4 _aLITERATURE
650 0 4 _aENGLISH FICTION
942 _2ddc
_cBK
999 _c5437
_d5437